000 00332nam a2200145Ia 4500
008 150201s2008 xx 000 0 und d
082 _a614.88
_bF08I
100 _aINDRANI , TK.
245 _aFIRST AID FOR NURSES
250 _a1ST
260 _bJAYPEE
_aDELHI
_c2008
300 _a208
650 _aFIRST AID
942 _2ddc
_cBK
_010
999 _c2092
_d2092